Estudios aristotélicos
Uloženo v:
| Hlavní autor: | |
|---|---|
| Médium: | Kniha |
| Jazyk: | španělština |
| Vydáno: |
Pamplona
Eunsa
2006
|
| Vydání: | 1a. ed |
| Edice: | Filosófica
|
| Témata: | |
| Tagy: |
Přidat tag
Žádné tagy, Buďte první, kdo vytvoří štítek k tomuto záznamu!
|
MARC
| LEADER | 00000cam a2200000 a 4500 | ||
|---|---|---|---|
| 001 | UCI9588 | ||
| 003 | CL-VaPUC | ||
| 008 | 081128e20060000SP |||||||||||||||||spa|d | ||
| 020 | |a 8431323892 | ||
| 082 | 0 | 4 | |a 185 |b VIG |2 21 |
| 100 | 0 | |a Vigo Pacheco, Alejandro G |e author |9 533428 | |
| 245 | 1 | 0 | |a Estudios aristotélicos |
| 250 | |a 1a. ed | ||
| 300 | |a 475 p | ||
| 942 | |c BK | ||
| 945 | |d 20081128 00:00:00 |a rbrito | ||
| 260 | |a Pamplona |b Eunsa |c 2006 | ||
| 600 | 0 | |a Aristóteles, |d 384 a.C.- 322 a.C. |9 194 | |
| 650 | 0 | |a Filosofía griega |9 265579 | |
| 650 | 0 | |a Aristotelismo |9 347069 | |
| 583 | |a last modification |c 20121008 06:41:03 |k Rodrigo Vera | ||
| 490 | 0 | |a Filosófica | |
| 999 | |c 332101 |d 332099 | ||
| 952 | |0 0 |1 0 |4 0 |6 185_000000000000000_VIG_2006 |7 0 |8 A |9 419479 |a BIBEDU |b BIBEDU |d 2019-11-22 |i 4501551 |l 3 |o 185 VIG 2006 |p 4501551 |r 2023-07-24 |s 2023-07-24 |w 2019-11-22 |y BK |k FIL | ||